Andorre-la-Vieille - Choix multiples - Statistiques

Statistiques générales
  • Ce quiz a été pris 63 fois
  • Le résultat moyen est 5 sur 10
Statistiques - réponses
Question Réponse % Correct
Quel record Andorre-la-Vieille détient-elle en tant que capitale au niveau européen ? La plus haute
70%
Avec quelle ville française, en référence au comte qui était autrefois coprince du pays, Andorre-la-Vieille est-elle jumelée ? Foix
66%
Lequel de ces éléments n'est pas emblématique d'Andorre-la-Vieille ?
64%
Qui était Boris Skossyreff et que fit-il à Andorre-la-Vieille ? Un escroc qui s'y fit couronner roi d'Andorre en 1934
61%
De quoi peut-on trouver de nombreuses plantations autour de la ville ? De tabac
48%
Quelle est la valeur de la pièce en en euro sur laquelle apparaît la Casa de la Vall, bâtiment historique ayant abrité le Parlement andorran de 1702 à 2011 ? 1 euro
46%
Quel cours d'eau arrose la ville après avoir traversé tout le pays ? La Valira
43%
Lequel de ces coprinces français n'a jamais visité la ville ? Napoléon Ier
32%
De quel(s) pays la paroisse d'Andorre-la-Vieille est-elle limitrophe ? L'Espagne
23%
Que signifie le mot "vieille" dans le nom de la ville ? Il souligne le fait qu'Andorre-la-Vieille fut la première ville créée sur le territoire andorran.
13%
Aucun quiz correspondant
Distribution des résultats
% des personnes avec chaque résultat
Percentile par nombre de réponses
Votre historique - résultats
Vous n’avez pas pris ce quiz